<?xml version="1.0" encoding="UTF-8"?>
<record
    xmlns:xsi="http://www.w3.org/2001/XMLSchema-instance"
    xsi:schemaLocation="http://www.loc.gov/MARC21/slim http://www.loc.gov/standards/marcxml/schema/MARC21slim.xsd"
    xmlns="http://www.loc.gov/MARC21/slim">

  <leader>00970nam a22002777a 4500</leader>
  <controlfield tag="003">OSt</controlfield>
  <controlfield tag="005">20250407140334.0</controlfield>
  <controlfield tag="008">250407b        |||||||| |||| 00| 0 eng d</controlfield>
  <datafield tag="020" ind1=" " ind2=" ">
    <subfield code="a">9781509306114 (paperback)</subfield>
  </datafield>
  <datafield tag="040" ind1=" " ind2=" ">
    <subfield code="a">NUST</subfield>
    <subfield code="b">eng</subfield>
    <subfield code="c">NUST</subfield>
    <subfield code="d">NUST</subfield>
    <subfield code="e">rda</subfield>
  </datafield>
  <datafield tag="050" ind1=" " ind2=" ">
    <subfield code="a">HF5548.4 JEL</subfield>
  </datafield>
  <datafield tag="100" ind1=" " ind2=" ">
    <subfield code="a">Jelen, Bill</subfield>
    <subfield code="e">Author</subfield>
  </datafield>
  <datafield tag="245" ind1=" " ind2=" ">
    <subfield code="a">Microsoft Excel 2019 VBA and macros / </subfield>
    <subfield code="c">Bill Jelen, Tracy Syrstad.</subfield>
  </datafield>
  <datafield tag="260" ind1=" " ind2=" ">
    <subfield code="a">[      ]</subfield>
    <subfield code="b">Pearson Education, </subfield>
    <subfield code="c">2019.</subfield>
  </datafield>
  <datafield tag="300" ind1=" " ind2=" ">
    <subfield code="a">xxxvi, 585 pages :</subfield>
    <subfield code="b">Illustrations ;</subfield>
    <subfield code="c">28 cm.</subfield>
  </datafield>
  <datafield tag="336" ind1=" " ind2=" ">
    <subfield code="2">rdamedia</subfield>
    <subfield code="a">text</subfield>
    <subfield code="b">txt</subfield>
  </datafield>
  <datafield tag="337" ind1=" " ind2=" ">
    <subfield code="2">rdamedia</subfield>
    <subfield code="a">unmediated</subfield>
    <subfield code="b">n</subfield>
  </datafield>
  <datafield tag="338" ind1=" " ind2=" ">
    <subfield code="2">rdamedia</subfield>
    <subfield code="a">volume</subfield>
    <subfield code="b">nc</subfield>
  </datafield>
  <datafield tag="504" ind1=" " ind2=" ">
    <subfield code="a">Includes index.</subfield>
  </datafield>
  <datafield tag="650" ind1=" " ind2=" ">
    <subfield code="v">Visual Basic for Applications (Computer program language).</subfield>
  </datafield>
  <datafield tag="650" ind1=" " ind2=" ">
    <subfield code="v">Macroprogramming.</subfield>
  </datafield>
  <datafield tag="650" ind1=" " ind2=" ">
    <subfield code="v">Macro instructions (Electronic computers).</subfield>
  </datafield>
  <datafield tag="650" ind1=" " ind2=" ">
    <subfield code="v">Microsoft Excel (Computer file).</subfield>
  </datafield>
  <datafield tag="700" ind1=" " ind2=" ">
    <subfield code="a">Syrstad, Tracy</subfield>
    <subfield code="e">Author</subfield>
  </datafield>
  <datafield tag="942" ind1=" " ind2=" ">
    <subfield code="2">lcc</subfield>
    <subfield code="c">BOOKS</subfield>
    <subfield code="h">HF5548.4 JEL</subfield>
    <subfield code="k">HF</subfield>
    <subfield code="m">JEL</subfield>
    <subfield code="n">0</subfield>
  </datafield>
  <datafield tag="999" ind1=" " ind2=" ">
    <subfield code="c">171571</subfield>
    <subfield code="d">171571</subfield>
  </datafield>
  <datafield tag="952" ind1=" " ind2=" ">
    <subfield code="0">0</subfield>
    <subfield code="1">0</subfield>
    <subfield code="2">LCC</subfield>
    <subfield code="4">0</subfield>
    <subfield code="7">0</subfield>
    <subfield code="8">NFIC</subfield>
    <subfield code="a">MAIN</subfield>
    <subfield code="b">MAIN</subfield>
    <subfield code="c">GEN</subfield>
    <subfield code="d">2025-04-07</subfield>
    <subfield code="e">Book Aid International</subfield>
    <subfield code="g">33.00</subfield>
    <subfield code="l">0</subfield>
    <subfield code="o">HF5548.4 JEL</subfield>
    <subfield code="p">92004056009</subfield>
    <subfield code="r">2025-04-07 14:04:45</subfield>
    <subfield code="t">62595</subfield>
    <subfield code="v">33.00</subfield>
    <subfield code="w">2025-04-07</subfield>
    <subfield code="y">BOOKS</subfield>
    <subfield code="z">Donation</subfield>
  </datafield>
  <datafield tag="952" ind1=" " ind2=" ">
    <subfield code="0">0</subfield>
    <subfield code="1">0</subfield>
    <subfield code="2">LCC</subfield>
    <subfield code="4">0</subfield>
    <subfield code="7">0</subfield>
    <subfield code="8">NFIC</subfield>
    <subfield code="a">MAIN</subfield>
    <subfield code="b">MAIN</subfield>
    <subfield code="c">GEN</subfield>
    <subfield code="d">2025-04-07</subfield>
    <subfield code="e">Book Aid International</subfield>
    <subfield code="g">33.00</subfield>
    <subfield code="l">0</subfield>
    <subfield code="o">HF5548.4 JEL</subfield>
    <subfield code="p">92004056913</subfield>
    <subfield code="r">2025-04-07 14:06:27</subfield>
    <subfield code="t">62596</subfield>
    <subfield code="v">33.00</subfield>
    <subfield code="w">2025-04-07</subfield>
    <subfield code="y">BOOKS</subfield>
    <subfield code="z">Donation</subfield>
  </datafield>
  <datafield tag="952" ind1=" " ind2=" ">
    <subfield code="0">0</subfield>
    <subfield code="1">0</subfield>
    <subfield code="2">LCC</subfield>
    <subfield code="4">0</subfield>
    <subfield code="7">0</subfield>
    <subfield code="8">NFIC</subfield>
    <subfield code="a">MAIN</subfield>
    <subfield code="b">MAIN</subfield>
    <subfield code="c">GEN</subfield>
    <subfield code="d">2025-04-07</subfield>
    <subfield code="e">Book Aid International</subfield>
    <subfield code="g">33.00</subfield>
    <subfield code="l">0</subfield>
    <subfield code="o">HF5548.4 JEL</subfield>
    <subfield code="p">92004055931</subfield>
    <subfield code="r">2025-04-07 14:07:38</subfield>
    <subfield code="t">62598</subfield>
    <subfield code="v">33.00</subfield>
    <subfield code="w">2025-04-07</subfield>
    <subfield code="y">BOOKS</subfield>
    <subfield code="z">Donation</subfield>
  </datafield>
  <datafield tag="952" ind1=" " ind2=" ">
    <subfield code="0">0</subfield>
    <subfield code="1">0</subfield>
    <subfield code="2">LCC</subfield>
    <subfield code="4">0</subfield>
    <subfield code="7">0</subfield>
    <subfield code="8">NFIC</subfield>
    <subfield code="a">MAIN</subfield>
    <subfield code="b">MAIN</subfield>
    <subfield code="c">GEN</subfield>
    <subfield code="d">2025-04-07</subfield>
    <subfield code="e">Book Aid International</subfield>
    <subfield code="g">33.00</subfield>
    <subfield code="l">0</subfield>
    <subfield code="o">HF5548.4 JEL</subfield>
    <subfield code="p">92004057300</subfield>
    <subfield code="r">2025-04-07 14:09:04</subfield>
    <subfield code="t">62597</subfield>
    <subfield code="v">33.00</subfield>
    <subfield code="w">2025-04-07</subfield>
    <subfield code="y">BOOKS</subfield>
    <subfield code="z">Donation</subfield>
  </datafield>
</record>
